Jesús, el Cristo /

Guardado en:
Bibliografiske detaljer
Hovedforfatter: Kasper, Walter (autor)
Format: Bog
Sprog:spansk
Udgivelse:2a edición
Serier:(Verdad e Imagen ; 45)
Fag:
Tags: Tilføj Tag
Ingen Tags, Vær først til at tagge denne postø!

MARC

LEADER 00000nam^a2200000^a^4500
001 000260456
005 20250521000000.0
009 20260310110438.865
020 |a 84-301-0434-8 
037 |a Acervo Xavier Clavigero 
041 |a ESP 
082 |a 232.  |b KAS 
100 |a Kasper, Walter  |e (autor) 
245 1 0 |a Jesús, el Cristo /  |c W. Kasper ; tr. por Severiano Talavero Tovar. 
250 |a 2a edición 
264 |a Salamanca, España :  |b Sígueme,  |c 1976-1979 
300 |a 349 p. 
336 |a texto  |b txt  |2 rdacontenido 
337 |a sin mediación  |b n  |2 rdamedio 
338 |a volumen  |b nc  |2 rdasoporte 
440 1 |a (Verdad e Imagen ;  |v 45) 
500 |a Traducción de: Jesus der Christus 
649 |a XX 
650 |a Jesucristo 
650 |a Cristología -  |x Tema Principal 
650 |a Hermenéutica 
650 |a Teología Doctrinal 
650 |a Iglesia Católica 
650 |a Catolicismo 
650 |a Cristianismo 
650 |a Religión 
910 |a Fondo General 
920 |a Impresos - Libros 
930 |a Colección General 
905 |a 101 
901 |a 042752  |b IT1  |c ACC  |u 20250521 
901 |a 0500128106  |b IT1  |c ACC  |u 20250521 
901 |a 003059  |b IT1  |c ACC  |u 20250521 
901 |a 003060  |b IT1  |c ACC  |u 20250521 
902 |a https://opac.biblio.iteso.mx/vufind/Record/000260456